000 01310cam a2200349 a 4500
001 3067
003 FISKH
005 20240202100205.0
008 120120s2012 enka b 000 1 eng
010 _a 2011053167
020 _a9780521402323 (hardback)
020 _a9780007449484
040 _aDLC
_cDLC
_dDLC
_beng
042 _apcc
043 _ae-fr---
050 0 0 _aPS3511.I9
_bT4 2012
082 0 0 _a813/.52
_223
100 1 _aFitzgerald, F. Scott
_q(Francis Scott),
_d1896-1940.
245 1 0 _aTender is the night /
_cF. Scott Fitzgerald
260 _aLondon :
_bHarper Press,
_c2011
300 _a434 pages :
_c18 cm
504 _aIncludes bibliographical references.
520 _aA story of Americans living on the French Riviera in the 1930s is a portrait of psychological disintegration as a wealthy couple supports friends and hangers-on financially and emotionally at the cost of their own stability.
600 1 0 _aFitzgerald, F. Scott
_q(Francis Scott),
_d1896-1940.
_tTender is the night.
650 0 _aWealth
_xMoral and ethical aspects
_vFiction.
650 0 _aPsychiatrists
_vFiction.
651 0 _aRiviera (France)
_vFiction.
655 0 _aPsychological fiction.
655 7 _aLove stories.
_2gsafd
906 _a7
_bcbc
_corignew
_d1
_eecip
_f20
_gy-gencatlg
942 _2ddc
_cBK
_n0
999 _c3067
_d3067